| 000 | 00643nam a2200217Ia 4500 | ||
|---|---|---|---|
| 003 | GCL | ||
| 008 | 140319s9999 xx 000 0 eng d | ||
| 020 | _a0714647063 | ||
| 040 |
_aGCL / _cGCL |
||
| 082 | 0 | 4 |
_a304.660956 _bG P |
| 100 | 1 | _aGILBAR, GAD G. | |
| 245 | 1 | 0 |
_aPOPULATION DILEMMAS IN THE MIDDLE EAST : _bESSAYS IN POLITICAL DEMOGRAPHY AND ECONOMY / _cGILBAR, GAD G. |
| 260 |
_a[S.N] : _bFRANK GASS ، _c1993 |
||
| 300 |
_a22 CM ؛ _cX1X, 141 P |
||
| 650 | 0 | 4 | _aPOPULATION |
| 650 | 0 | 4 | _aPOPULATION - GEOGRAPHY |
| 650 | 0 | 4 | _aPOPULATION GROWTH |
| 650 | 0 | 4 | _aOVER POPULATION |
| 650 | 0 | 4 | _aMIDDLE EAST - POPULATION |
| 942 |
_2ddc _cBK |
||
| 999 |
_c4834 _d4834 |
||